000 01572nam a2200325 a 4500
001 60550
003 BD-RjUL
005 20211209080845.0
008 170101s1995 bg b s o000 0 eng d
020 _a9845081847
_c: Tk. 400.00 (Inkand)
035 _a(BD-RjUL)60674
035 _a(OCoLC)ocm27450619
035 _a(NNC)1450898
040 _aDLC
_cDLC
_dDLC
_dBD-RjUL
_beng
041 0 _aengben
082 _223
_a304.6095492021
_bTHA 1995 (CS)
110 _aBangladesh Bureau Of Statistics.
_9179266
245 1 0 _aBangladesh population census, 1991 = বাংলাদেশ আদমশুমারী, ১৯৯১ :
_bCommunity series, Zila: Thakurgaon = কমিউনিটি সিরিজ, জেলা: ঠাকুরগাঁও/
_cBangladesh Bureau Of Statistics.
246 _aবাংলাদেশ আদমশুমারী, ১৯৯১ :
_bকমিউনিটি সিরিজ, জেলা : ঠাকুরগাঁও
260 _aDhaka :
_bBBS,
_c1995.
300 _axiv,153 p. :
_bIll. ;
_c28 cm.
490 _aCommunity series, Zila: Thakurgaon
490 _aকমিউনিটি সিরিজ, জেলা: :ঠাকুরগাঁও
500 _aPrefatory matter in Bengali and English.
651 _aBangladesh
_zThakurgaon
_vCensus, 1991
_9180331
651 _aBangladesh
_zThakurgaon
_xPopulation
_vStatistics.
_9180332
_y1991
830 _aCommunity series, Zila : Thakurgaon
_9180333
830 _aকমিউনিটি সিরিজ, জেলা : ঠাকুরগাঁও
_9190079
942 _2ddc
_cRAR
999 _c60550
_d60550